Closest country acrostics- B countries part 1 - Statistics

General Stats
  • This quiz has been taken 339 times
    338 since last reset
  • The average score is 53 of 63
Answer Stats
Hint Answer % Correct
H Haiti
98%
A Antigua and Barbuda
97%
B Belize
95%
A Argentina
94%
M Mexico
90%
B Bahamas
89%
B Bhutan
89%
S Saint Kitts and Nevis
89%
A Antigua and Barbuda
88%
B Bahamas
88%
I Ireland
88%
L Laos
88%
O Oman
88%
R Russia
88%
U United Kingdom
88%
Z Zambia
88%
E Estonia
87%
N Nigeria
87%
U Ukraine
87%
A Argentina
86%
B Bangladesh
86%
B Belize
86%
E Estonia
86%
G Germany
86%
H Hungary
86%
I Iraq
86%
L Lithuania
86%
L Luxembourg
86%
N Nepal
86%
N Niger
86%
D Dominica
85%
E El Salvador
85%
M Monaco
85%
A Afghanistan
84%
A Azerbaijan
84%
H Hungary
84%
A Austria
83%
A Azerbaijan
83%
B Bulgaria
83%
U Uzbekistan
83%
A Armenia
82%
H Hungary
82%
R Romania
82%
S Saint Vincent and the Grenadines
82%
S Sri Lanka
82%
S Sweden
82%
T Thailand
82%
B Burkina Faso
81%
N Nepal
81%
A Andorra
80%
D Djibouti
80%
E East Timor
80%
E Equatorial Guinea
80%
A Afghanistan
79%
E Ecuador
79%
I Italy
78%
N Nepal
77%
B Bosnia and Herzegovina
76%
G Georgia
76%
I Iceland
76%
L Liberia
72%
B Bulgaria
71%
R Republic of the Congo
66%
No matching quizzes found
Score Distribution
Percent of People with Each Score
Percentile by Number Answered
Your Score History
You have not taken this quiz since the last reset